| 000 | 00668nam a2200193 4500 | ||
|---|---|---|---|
| 999 |
_c17560 _d17560 |
||
| 003 | AR-CdUCM | ||
| 008 | 190509b ||||| |||| 00| 0 spa d | ||
| 040 |
_aMUNICIPALIDAD PROVINCIAL DEL CUSCO _cBIBLIOTECA MUNICIPAL DEL CUSCO |
||
| 082 |
_a030 / _bIN52 |
||
| 110 |
_aSelecciones del Reader's Digest _937645 |
||
| 245 |
_aInformatodo 1972 : _bTodo cuanto todos deben saber / |
||
| 260 |
_aMadrid : _bSelecciones del Reader's Digest, _c1971. |
||
| 300 |
_a638 paginas ; _bIlustraciones, graficos, dibujos, _c20 cm. |
||
| 500 | _aInformatodo de 1972 | ||
| 650 |
_aInformativo _924387 |
||
| 650 |
_aColecciónes _9607 |
||
| 942 |
_2ddc _cLIBROS |
||
| 945 |
_apjha _d2019-05-09 |
||